[Event "ROM-ch U10"]
[Site "Calimanesti Caciulata"]
[Date "2019.04.21"]
[Round "8"]
[White "Paraschiv, Andrei George"]
[Black "Radulescu, Sebastian"]
[Result "1-0"]
[WhiteElo "1114"]
[BlackElo "1001"]
[PlyCount "47"]
[EventDate "2019.04.15"]
[EventType "swiss"]
[EventRounds "9"]
[EventCountry "ROU"]
[SourceTitle "CBM 190 Extra"]
[Source "ChessBase"]
[SourceDate "2019.07.15"]
[SourceVersion "1"]
[SourceVersionDate "2019.07.15"]
[SourceQuality "1"]

1. d4 d5 2. c4 e6 3. Nc3 Nf6 4. e3 c6 5. Nf3 Nbd7 6. Bd3 Be7 7. 0-0 0-0 8. Qc2 g6 9. e4 dxe4 10. Nxe4 Nxe4 11. Bxe4 c5 12. dxc5 Nxc5 13. Bh6 Re8 14. Rad1 Qc7 15. b4 Nxe4 16. Qxe4 Bf6 17. Rc1 e5 18. Rfe1 Bf5 19. Qe3 e4 20. Ng5 Bxg5 21. Qxg5 Qe7 22. Qe3 Qxb4 23. Qd4 Qe7 24. Qg7# 1-0

[Event "ROM-ch U10"]
[Site "Calimanesti Caciulata"]
[Date "2019.04.16"]
[Round "2"]
[White "Paraschiv, Andrei George"]
[Black "Ianchis, David Cristian"]
[Result "0-1"]
[WhiteElo "1114"]
[BlackElo "1011"]
[PlyCount "116"]
[EventDate "2019.04.15"]
[EventType "swiss"]
[EventRounds "9"]
[EventCountry "ROU"]
[SourceTitle "CBM 190 Extra"]
[Source "ChessBase"]
[SourceDate "2019.07.15"]
[SourceVersion "1"]
[SourceVersionDate "2019.07.15"]
[SourceQuality "1"]

1. d4 d5 2. c4 e6 3. e3 Nf6 4. Nc3 Be7 5. Nf3 0-0 6. Qc2 b6 7. Bd3 Bb7 8. Ng5 g6 9. e4 dxc4 10. Nf3 cxd3 11. Qxd3 Ba6 12. Qd2 Bb4 13. Qh6 Nxe4 14. Ng5 Nxg5 15. Bxg5 f6 16. Be3 g5 17. 0-0-0 Rf7 18. Qh3 Qd7 19. Qf3 Qc6 20. Bd2 Qxf3 21. gxf3 Bxc3 22. Bxc3 Bb7 23. Rde1 Bxf3 24. Rhg1 Bd5 25. h4 Rg7 26. hxg5 Rxg5 27. Rxg5+ fxg5 28. Rg1 h6 29. f4 Kf7 30. fxg5 hxg5 31. Rxg5 Ke8 32. Rg7 Kf8 33. Rxc7 Na6 34. Rh7 Kg8 35. Rd7 Bxa2 36. Kd2 Bd5 37. Ke3 Nb8 38. Rc7 Nc6 39. Kf4 Rf8+ 40. Kg5 Rf7 41. Rc8+ Kg7 42. Kh5 Kf6 43. Rh8 Kf5 44. Kh4 Kf4 45. Kh3 Kf3 46. Kh2 Ke2 47. Kh3 Be4 48. Bd2 Rh7+ 49. Rxh7 Bxh7 50. Bc3 a5 51. Kg4 b5 52. Kf4 b4 53. Bd2 a4 54. Kg5 Be4 55. Kf6 Bd5 56. Kf7 a3 57. bxa3 bxa3 58. Bc3 a2 0-1

[Event "ROM-ch U10"]
[Site "Calimanesti Caciulata"]
[Date "2019.04.15"]
[Round "1"]
[White "Neagu, Robert Mihai"]
[Black "Paraschiv, Andrei George"]
[Result "1-0"]
[WhiteElo "1001"]
[BlackElo "1114"]
[PlyCount "45"]
[EventDate "2019.04.15"]
[EventType "swiss"]
[EventRounds "9"]
[EventCountry "ROU"]
[SourceTitle "CBM 190 Extra"]
[Source "ChessBase"]
[SourceDate "2019.07.15"]
[SourceVersion "1"]
[SourceVersionDate "2019.07.15"]
[SourceQuality "1"]

1. e4 c5 2. Nf3 e6 3. Nc3 d6 4. Bc4 Bd7 5. 0-0 Nc6 6. d4 g6 7. Bf4 cxd4 8. Nxd4 Nxd4 9. Qxd4 e5 10. Bxe5 f6 11. Bxd6 Ne7 12. e5 Bc6 13. exf6 Qd7 14. f7+ Kd8 15. Qxh8 Qxd6 16. Rad1 Nd5 17. Bxd5 Qe5 18. Bxc6+ Qd6 19. Rxd6+ Ke7 20. Rd7+ Ke6 21. Re1+ Kf5 22. Qe5+ Kg4 23. Re4# 1-0

[Event "ROM-ch U08"]
[Site "Baile Felix"]
[Date "2017.02.05"]
[Round "5"]
[White "Ursu, Bogdan"]
[Black "Paraschiv, Andrei George"]
[Result "1-0"]
[WhiteElo "1001"]
[BlackElo "1036"]
[PlyCount "130"]
[EventDate "2017.02.02"]
[EventType "swiss"]
[EventRounds "9"]
[EventCountry "ROU"]
[SourceTitle "CBM 176 Extra"]
[Source "ChessBase"]
[SourceDate "2017.03.02"]
[SourceVersion "1"]
[SourceVersionDate "2017.03.02"]
[SourceQuality "1"]

1. e4 c5 2. Nf3 e6 3. d4 cxd4 4. Nxd4 a6 5. Nc3 b5 6. Bd3 Bb7 7. 0-0 Qc7 8. Qf3 Nf6 9. Bf4 Bd6 10. Bxd6 Qxd6 11. Nb3 h5 12. h4 Ng4 13. Qh3 0-0 14. Be2 Nf6 15. Bd3 Nc6 16. Qf3 Nd4 17. Nxd4 Qxd4 18. a3 b4 19. axb4 Qxb4 20. Rab1 Ng4 21. Qf4 Nf6 22. Qf3 Qd6 23. Rfe1 Ng4 24. Qh3 Qc5 25. Qf3 Qe5 26. Qh3 Rab8 27. f3 Nf6 28. Qh2 Qd4+ 29. Kf1 Bc6 30. Qf4 Rb7 31. Qe3 Qd6 32. e5 Qe7 33. exf6 Qxf6 34. Qg5 Qxg5 35. hxg5 g6 36. Bxa6 Ra7 37. Bb5 Bxb5+ 38. Nxb5 Rb7 39. Nd6 Rc7 40. Rec1 Rc6 41. Nb5 Rb8 42. Nd4 Rc4 43. c3 e5 44. Ne2 Rh4 45. c4 Rh1+ 46. Ng1 Kf8 47. c5 Ke7 48. c6 dxc6 49. Rxc6 Kd7 50. Rc5 Kd6 51. Rc4 Kd5 52. Rc7 Kd6 53. Rxf7 Rg8 54. Rf6+ Kd5 55. b4 Rb8 56. Kf2 Kc4 57. Rxg6 Rxb4 58. Rxb4+ Kxb4 59. Re6 Rh4 60. g6 Rc4 61. g7 Rc8 62. Rg6 Rg8 63. Ke3 Kc4 64. Ke4 Kc5 65. Kxe5 Kc4 1-0

[Event "ROM-ch U08"]
[Site "Baile Felix"]
[Date "2017.02.02"]
[Round "1"]
[White "Anghel, Teodor Andrei"]
[Black "Paraschiv, Andrei George"]
[Result "1-0"]
[WhiteElo "1244"]
[BlackElo "1036"]
[PlyCount "25"]
[EventDate "2017.02.02"]
[EventType "swiss"]
[EventRounds "9"]
[EventCountry "ROU"]
[SourceTitle "CBM 176 Extra"]
[Source "ChessBase"]
[SourceDate "2017.03.02"]
[SourceVersion "1"]
[SourceVersionDate "2017.03.02"]
[SourceQuality "1"]

1. d4 d5 2. Nf3 Nc6 3. e3 Bf5 4. Bd3 Bg4 5. 0-0 e6 6. Nbd2 Bd6 7. Qe2 Nb4 8. c3 Nxd3 9. Qxd3 Ne7 10. e4 0-0 11. e5 Bxe5 12. dxe5 Bf5 13. Qe3 1-0

[Event "ROM-ch U08"]
[Site "Calimanesti Caciulata"]
[Date "2016.04.23"]
[Round "7"]
[White "Paraschiv, Andrei George"]
[Black "Bogdan, Radu Mihai"]
[Result "1-0"]
[WhiteElo "1001"]
[BlackElo "1030"]
[PlyCount "67"]
[EventDate "2016.04.18"]
[EventType "swiss"]
[EventRounds "9"]
[EventCountry "ROU"]
[SourceTitle "CBM 172 Extra"]
[Source "ChessBase"]
[SourceDate "2016.06.21"]
[SourceVersion "1"]
[SourceVersionDate "2016.06.21"]
[SourceQuality "1"]

1. d4 d5 2. c4 Nf6 3. e3 c6 4. Be2 e6 5. Nf3 Bb4+ 6. Kf1 Na6 7. g3 0-0 8. Kg2 Bd6 9. c5 Bc7 10. Re1 Ba5 11. Nc3 Ng4 12. Bf1 Qe8 13. Kg1 Qe7 14. Bg2 Qf6 15. Bf1 Qh6 16. e4 Qh5 17. h3 Nh6 18. e5 Nf5 19. g4 Qg6 20. g5 Qh5 21. a3 Bd7 22. Be2 Qxh3 23. Bf1 Qh5 24. Qd2 Qg4+ 25. Bg2 f6 26. gxf6 gxf6 27. Re3 Kh8 28. Kh2 Rg8 29. Bh3 Qg2+ 30. Bxg2 fxe5 31. Nxe5 Nh4 32. Rg3 Rgf8 33. Qh6 Rg8 34. Nf7# 1-0

[Event "ROM-ch U08"]
[Site "Calimanesti Caciulata"]
[Date "2016.04.20"]
[Round "3"]
[White "Cozma, Teodor Mihail"]
[Black "Paraschiv, Andrei George"]
[Result "1-0"]
[WhiteElo "1052"]
[BlackElo "1001"]
[PlyCount "45"]
[EventDate "2016.04.18"]
[EventType "swiss"]
[EventRounds "9"]
[EventCountry "ROU"]
[SourceTitle "CBM 172 Extra"]
[Source "ChessBase"]
[SourceDate "2016.06.21"]
[SourceVersion "1"]
[SourceVersionDate "2016.06.21"]
[SourceQuality "1"]

1. e4 c5 2. Nf3 Nc6 3. d4 e6 4. Nc3 d5 5. exd5 exd5 6. Ne5 Nxd4 7. Nb5 Nxb5 8. Bxb5+ Ke7 9. Qe2 a6 10. Nc6+ Kd6 11. Nxd8 Kc7 12. Nxf7 axb5 13. Nxh8 c4 14. Qe5+ Bd6 15. Qxg7+ Bd7 16. Nf7 Re8+ 17. Be3 Bb4+ 18. c3 Bf8 19. Qxg8 Be7 20. Qg3+ Kc8 21. 0-0 Be6 22. Bb6 Kd7 23. Qc7# 1-0